|
|
|
|
| LEADER |
01032nab a2200289 i 4500 |
| 001 |
publ9984 |
| 005 |
20210802130414.0 |
| 008 |
161117s2015 hu o 0|| zxx d |
| 022 |
|
|
|a 0022-3042
|
| 024 |
7 |
|
|a 10.1111/jnc.13207
|2 doi
|
| 024 |
7 |
|
|a 2912411
|2 mtmt
|
| 040 |
|
|
|a SZTE Publicatio Repozitórium
|b hun
|
| 041 |
|
|
|a zxx
|
| 100 |
1 |
|
|a Walter Fruzsina R.
|
| 245 |
1 |
0 |
|a Tesmilifene modifies brain endothelial functions and opens the blood-brain/blood-glioma barrier
|h [elektronikus dokumentum] /
|c Walter Fruzsina R.
|
| 260 |
|
|
|c 2015
|
| 300 |
|
|
|a 1040-1054
|
| 490 |
0 |
|
|a JOURNAL OF NEUROCHEMISTRY
|v 134 No. 6
|
| 700 |
0 |
1 |
|a Veszelka Szilvia
|e aut
|
| 700 |
0 |
1 |
|a Pásztói Mária
|e aut
|
| 700 |
0 |
1 |
|a Péterfi Zoltán Attila
|e aut
|
| 700 |
0 |
1 |
|a Tóth András
|e aut
|
| 700 |
0 |
1 |
|a Rákhely Gábor
|e aut
|
| 700 |
0 |
1 |
|a Cervenak László
|e aut
|
| 700 |
0 |
1 |
|a Ábrahám Csongor S.
|e aut
|
| 700 |
0 |
1 |
|a Deli Mária Anna
|e aut
|
| 856 |
4 |
0 |
|u http://publicatio.bibl.u-szeged.hu/9984/1/Walter_et_al-2015-Journal_of_Neurochemistry.pdf
|z Dokumentum-elérés
|